=LDR 00000nam 2200000 4500 =001 INLIS000000000014979 =005 20130612110247 =008 ***********************************INd** =035 ##$$0010-061300000014979 =041 ##$$a INd =082 ##$$a 635.3 =090 ##$$a 635.3, Ruk b =100 ##$$a Rukmana, Rahmad =245 ##$$a Budidaya asparagus, Rahmad rukmana =260 ##$$a 1994 $b Yogyakarta =300 ##$$a 52 hlm, Ilus, 2 cm =650 ##$$a Budidaya asparagus =850 ##$$a NBPNMAT